000 01158nam a2200205Ia 4500
999 _c36244
_d36244
001 2147
003 GE_BSU
005 20221020144819.0
008 181216s1980ru xx |||||||||||||| ||rus||
040 _cGE_BSU
041 _arus
080 _a911.3(1-87)(075.8) Э-40
245 _aЭкономическая и социальная география зарубежных стран :
_bТеоретические проблемы Всемирное хозяйство. Социалистические страны.Для студентов. пед.ин-тов.по географическим специальностям /
_c[Под.ред. В.П. Максаковского)
264 _aМосква :
_bПросвещение,
_c1980.
300 _a384 с. :
_b22 см.
653 _aЭкономическая и социальная география зарубежных стран
653 _aუცხო ქვეყნების ეკონომიკური და სოციალური გეოგრაფია
700 _aМаксаковского, В.П.
_eრედაქტორი
_915394
942 _cBK
_2udc